书目信息 |
| 题名: |
吕氏春秋校释
|
|
| 作者: | 陈奇猷校释 | |
| 分册: | 四 | |
| 出版信息: | 上海 学林出版社 1984.4 |
|
| 页数: | 1425-1892页 | |
| 开本: | 20cm | |
| 丛书名: | ||
| 单 册: | ||
| 中图分类: | B229.2 | |
| 科图分类: | ||
| 主题词: | 先秦哲学 | |
| 电子资源: | ||
| ISBN: | ||
| 000 | 00551nam0 2200205 45 | |
| 001 | 0211071608 | |
| 005 | 20031219104114.5 | |
| 010 | @dCNY8.05 | |
| 091 | @a2259.001 | |
| 100 | @a20021107d1984 km y0chiy0120 ea | |
| 101 | 0 | @achi |
| 105 | @a z 000yy | |
| 200 | 1 | @a吕氏春秋校释@ALu Shi Chun Qiu Xiao Shi@h四@f陈奇猷校释@FChen Qi You Xiao Shi |
| 210 | @a上海@c学林出版社@d1984.4 | |
| 215 | @a1425-1892页@d20cm | |
| 606 | 0 | @a先秦哲学 |
| 690 | @aB229.2@v3 | |
| 701 | 0 | @a陈奇猷校释 |
| 801 | @aCN@bTSTC@c20030916 | |
| 905 | @dB229.2@e29:4@f1@b109467 | |
| 吕氏春秋校释.四/陈奇猷校释.-上海:学林出版社,1984.4 |
| 1425-1892页;20cm |
| ISBN :CNY8.05 |
| ● |
| 相关链接 |
|
|
|
|
正题名:吕氏春秋校释
索取号:B229.2/29:4
 
预约/预借
| 序号 | 登录号 | 条形码 | 馆藏地/架位号 | 状态 | 备注 |
| 1 | 0109466 | 001706327 | 密集书库/ [索取号:B229.2/29:4] | 在馆 | |
| 2 | 0109467 | 001835189 | 第一借阅区/ [索取号:B229.2/29:4] | 在馆 | |
| 3 | 0159615 | 001620053 | 密集书库/ [索取号:B229.2/29:4] | 在馆 | |
| 4 | 0159616 | 000513055 | 密集书库/ [索取号:B229.2/29:4] | 在馆 | |
| 5 | 0159617 | 002049553 | 第一样本阅览室/ [索取号:B229.2/29:4] | 在馆 |